|
|
|
|
| LEADER |
01053nam a2200277 u 4500 |
| 001 |
10023001 |
| 003 |
upatras |
| 005 |
20210117205727.0 |
| 008 |
990123s1989 uk eng |
| 020 |
|
|
|a 0631166785
|
| 040 |
|
|
|a GR-PaULI
|c GR-PaULI
|
| 041 |
0 |
|
|a eng
|
| 100 |
1 |
|
|a Saville-Troike, Muriel
|9 51334
|
| 245 |
1 |
0 |
|a The ethnography of communication
|b an introduction
|c Muriel Saville-Troike
|
| 250 |
|
|
|a 2nd edition
|
| 260 |
|
|
|a Oxford, UK
|a New York, NY
|b Blackwell
|c 1989
|
| 300 |
|
|
|a 315 p.
|c 23 cm.
|
| 490 |
1 |
|
|a Language in society
|v 3
|
| 504 |
|
|
|a Includes Bibliographical references and indexes
|
| 650 |
|
4 |
|a Κοινωνιογλωσσολογία
|9 3336
|
| 760 |
1 |
|
|a Language in society
|g 3
|
| 852 |
|
|
|a GR-PaULI
|b ΠΑΤΡΑ
|b ΦΙΛΟΛΟΓΙΑ
|k ΑΣΧΕ
|h 306.44 S
|m 044778
|p 025000057357
|t 1
|
| 942 |
|
|
|2 ddc
|c BK15
|
| 952 |
|
|
|0 0
|1 0
|4 0
|6 306_440000000000000_S
|7 0
|9 188809
|a LTRT
|b LTRT
|d 2016-04-24
|i 044778
|l 0
|o 306.44 S
|p 025000057357
|r 2016-04-24 00:00:00
|t 1
|w 2016-04-24
|y BK15
|
| 998 |
|
|
|c ΠΑΝΑΓΟΠΟΥΛΟΥ
|d 1999-07
|
| 999 |
|
|
|c 116317
|d 116317
|